000 00619nam a2200193Ia 4500
003 SISC
005 20180912132216.0
008 180905s9999 xx 000 0 und d
020 _a9780766087194
050 _aLB 1576
_b.G739 2018
100 _aGreen, Lyric
245 _cLyric Green; Dana Meachen Rau
_aFuture ready writing assignments/
260 _aNY :
_bEnslow Publishing,
_c2018
300 _a48 pages :
_bcolored illustrations ;
_c24 cm.
500 _aincludes index and bibliography
650 _acomposition -- juvenile literature
650 _aenglish language -- juvenile literature
942 _2lcc
_cBK
999 _c358543
_d358543